[Event "Dos Hermanas Blitz op 36th"]
[Site "Dos Hermanas"]
[Date "2022.06.04"]
[Round "6"]
[White "Blanco Acevedo, Cristobal Jose"]
[Black "Aguilera Concha, Jose David"]
[Result "1-0"]
[WhiteElo "2308"]
[BlackElo "1539"]
[PlyCount "55"]
[EventDate "2022.06.04"]
[EventType "swiss (blitz)"]
[EventRounds "8"]
[EventCountry "ESP"]
[SourceTitle "CBM 208 Extra"]
[Source "ChessBase"]
[SourceDate "2022.07.31"]
[SourceVersion "1"]
[SourceVersionDate "2022.07.31"]
[SourceQuality "1"]

1. e4 e5 2. Nf3 Nc6 3. d4 exd4 4. Bc4 Qf6 5. 0-0 Bb4 6. e5 Qg6 7. Nxd4 Nxd4 8. Qxd4 c5 9. Qe3 Ne7 10. c3 Nf5 11. Qe4 Ba5 12. Bd3 Ne7 13. Qe2 Qe6 14. f4 0-0 15. f5 Qc6 16. Bg5 Nd5 17. Be4 c4 18. Kh1 Qb5 19. b4 Bc7 20. a4 Qc6 21. Rd1 Nxc3 22. Nxc3 d5 23. exd6 Qb6 24. dxc7 Qxc7 25. Nd5 Qe5 26. Bf4 Qe8 27. Nc7 Qe7 28. Bd6 1-0